| 000 | nam a22 a 4500 | ||
|---|---|---|---|
| 999 |
_c1400 _d1400 |
||
| 005 | 20170509135041.0 | ||
| 008 | 170509b1973 ii ||||| |||| 00| 0 eng d | ||
| 020 | _a336004044 | ||
| 040 | _aAKMAL | ||
| 082 | _a301.2 CRO | ||
| 090 |
_a301.2 _bCRO |
||
| 100 | 1 | 0 |
_aCrooke, William, _d1848-1923. _92752 |
| 245 | 0 | 0 |
_aRaces of northern India, _cW. Crooke |
| 260 |
_aDelhi, _bCosmo Publications, _c1973. |
||
| 300 |
_axii, 270 p. _bmap. _c22cm |
||
| 490 | 0 | 0 | _aNative races of India |
| 490 | 0 | 0 |
_aStudies in Indian history, _vno. 6 |
| 500 | _aFirst published in 1907 with title: Natives of northern India, and with series note, The native races of the British Empire. | ||
| 504 | _aBibliography: p. 263-265. | ||
| 599 | _aDALAM PROSES | ||
| 650 | 0 |
_aEthnology _zIndia. _92753 |
|
| 852 | 4 |
_aBritish Library _bDSC |
|
| 942 |
_2ddc _cBOOK |
||